[Event "Sao Paulo Pascoa op"]
[Site "Sao Paulo"]
[Date "2024.03.29"]
[Round "2"]
[White "Goncalves, Richard Gabriel Sim"]
[Black "Dalpian, Tagli Sanches Delbo"]
[Result "1-0"]
[WhiteElo "1728"]
[BlackElo "1529"]
[PlyCount "87"]
[EventDate "2024.03.29"]
[EventType "swiss"]
[EventRounds "6"]
[EventCountry "BRA"]
[SourceTitle "CB14_2024"]
[SourceDate "2024.04.01"]
[SourceVersion "1"]
[SourceVersionDate "2024.04.01"]
[SourceQuality "1"]

1. d4 d5 2. Nf3 Nc6 3. e3 e6 4. b3 Nf6 5. Bb2 Bd6 6. Nbd2 Qe7 7. a3 Bd7 8. c4 Qd8 9. Bd3 0-0 10. 0-0 Re8 11. Ne5 Re7 12. f4 b6 13. Qc2 Rc8 14. c5 bxc5 15. dxc5 Bxe5 16. fxe5 Ng4 17. Bxh7+ Kh8 18. Rf3 Ngxe5 19. Bxe5 Nxe5 20. Rh3 f6 21. Bd3+ Kg8 22. Ba6 Rb8 23. Qh7+ Kf7 24. Qh5+ Ng6 25. Rg3 Be8 26. Qxg6+ Kg8 27. Qg4 Bb5 28. Bxb5 Rxb5 29. b4 a5 30. Nf3 Qa8 31. Nd4 Rb7 32. bxa5 Qxa5 33. Nc6 Qxc5 34. Nxe7+ Qxe7 35. Qa4 Rb8 36. Qa7 Rc8 37. Qb7 Qd7 38. Rc1 d4 39. exd4 Qxd4+ 40. Kh1 Rd8 41. h3 Qf4 42. Qxc7 Rd1+ 43. Kh2 Qxc1 44. Qxg7# 1-0

[Event "Araraquara op 2nd"]
[Site "Araraquara"]
[Date "2024.02.11"]
[Round "4"]
[White "Lohmann, Edipo Luiz"]
[Black "Dalpian, Tagli Sanches Delbo"]
[Result "1/2-1/2"]
[WhiteElo "1367"]
[BlackElo "1746"]
[PlyCount "100"]
[EventDate "2024.02.10"]
[EventType "swiss"]
[EventRounds "7"]
[EventCountry "BRA"]
[SourceTitle "CB09_2024"]
[SourceDate "2024.02.28"]
[SourceVersion "1"]
[SourceVersionDate "2024.02.28"]
[SourceQuality "1"]

1. d4 d5 2. c4 e6 3. Nc3 Nf6 4. cxd5 exd5 5. Nf3 Nc6 6. Bg5 Bb4 7. e3 Bf5 8. Bd3 Be4 9. 0-0 Be7 10. Bxf6 Bxf3 11. Qxf3 Bxf6 12. Nxd5 h5 13. Nxf6+ Qxf6 14. Qxf6 gxf6 15. Be4 Kd7 16. Rac1 Rae8 17. Bxc6+ bxc6 18. Rc2 Rb8 19. Rfc1 Rb6 20. e4 Rhb8 21. b3 Re8 22. f3 Re6 23. d5 Rd6 24. Kf2 a5 25. Kg3 Rb8 26. dxc6+ Ke6 27. Rc5 h4+ 28. Kxh4 Rh8+ 29. Kg3 Rg8+ 30. Kf4 Rd4 31. g3 Rd2 32. R1c2 Rgd8 33. Rxd2 Rxd2 34. Rxa5 Rxh2 35. b4 Rb2 36. b5 Kd6 37. a4 Kc5 38. Kf5 Rb3 39. f4 Rxg3 40. Kxf6 Rg6+ 41. Kxf7 Rg4 42. f5 Rxe4 43. f6 Kd6 44. Ra8 Rh4 45. a5 Rh5 46. b6 cxb6 47. axb6 Kxc6 48. Kg6 Rb5 49. f7 Rxb6 50. f8Q Kb7+ 1/2-1/2